00345nam a2200133Ia 4500008004100000020001800041041000800059082001400067100001600081245006100097260003000158300000900188650001400197260223s2023 xx 000 0 und d a9789390619597 aeng a618.2/SHW aNaik Shweta aObstetric & Gynecological NursingbGynecological Nursing aNew DelhibCBS,Pub.c2023 a201P aObstetric